000 00591nam a2200205Ia 4500
001 15320
003 GE_BSU
008 181216s||||||||xx |||||||||||||| ||und||
040 _cGE_BSU
080 _a821.353.1-32
100 _aშატაიძე,ნუგზარ
245 _aმოლხინო
245 _cრედ.დ.ლ.არაბიძე. მხატვ. მ.ნონიკაშვილი
260 _aთბილისი
260 _bმერანი
260 _c1986
300 _a158გვ.20სმ.
653 _aმოლხინო
942 _cBK
999 _c48428
_d48428